[Event "San Francisco Hurt Memorial U1800"]
[Site "San Francisco"]
[Date "2005.12.11"]
[Round "4"]
[White "Lupton, Stephen"]
[Black "Donovan, John P"]
[Result "0-1"]
[WhiteElo "1326"]
[BlackElo "1324"]
[PlyCount "40"]
[EventDate "2005.12.10"]
[EventType "swiss"]
[EventRounds "6"]
[EventCountry "USA"]
[SourceTitle "EXT 2007"]
[Source "ChessBase"]
[SourceDate "2006.11.23"]
[SourceVersion "1"]
[SourceVersionDate "2006.11.23"]
[SourceQuality "1"]

1. e4 e5 2. Bc4 Nf6 3. d3 d5 4. Bb3 dxe4 5. Nc3 exd3 6. cxd3 Bb4 7. Nge2 Nc6 8. 0-0 Bxc3 9. bxc3 Bf5 10. d4 0-0 11. dxe5 Qxd1 12. Rxd1 Nxe5 13. Ba3 Rfd8 14. Nd4 Bg6 15. f4 Neg4 16. Re1 Nd5 17. Nb5 Nxf4 18. Nxc7 Rd2 19. Bc4 Rxg2+ 20. Kf1 Nxh2# 0-1

[Event "San Francisco Hurt Memorial U1800"]
[Site "San Francisco"]
[Date "2005.12.10"]
[Round "1"]
[White "Donovan, John P"]
[Black "Woebcke, Carl"]
[Result "0-1"]
[WhiteElo "1324"]
[BlackElo "1670"]
[PlyCount "50"]
[EventDate "2005.12.10"]
[EventType "swiss"]
[EventRounds "6"]
[EventCountry "USA"]
[SourceTitle "EXT 2007"]
[Source "ChessBase"]
[SourceDate "2006.11.23"]
[SourceVersion "1"]
[SourceVersionDate "2006.11.23"]
[SourceQuality "1"]

1. d4 d5 2. c4 e6 3. Nc3 Nf6 4. Bg5 Be7 5. Bxf6 Bxf6 6. e3 c6 7. Nf3 Nd7 8. b4 dxc4 9. Bxc4 b5 10. Bb3 a5 11. a3 c5 12. bxc5 Nxc5 13. 0-0 Ba6 14. dxc5 Bxc3 15. Qc2 Bxa1 16. Rd1 Qf6 17. c6 Qc3 18. Rd7 Rc8 19. Qxc3 Bxc3 20. Ng5 Rxc6 21. Rxf7 Bf6 22. f4 Bxg5 23. Ra7 Bd8 24. a4 b4 25. f5 Bb6 0-1